ბათუმის შოთა რუსთაველის სახელმწიფო უნივერსიტეტის ბიბლიოთეკა

Развитие картографии и вопросы использования старых карт / (ბიბ.ჩანაწერი № 60756)

000 -LEADER
fixed length control field 00637nam a22001697a 4500
005 - DATE AND TIME OF LATEST TRANSACTION
control field 20231019102409.0
008 - FIXED-LENGTH DATA ELEMENTS--GENERAL INFORMATION
fixed length control field 231019s1985 ru ||||| |||| 00| 0 rus d
041 ## - LANGUAGE CODE
Language code of text/sound track or separate title rus
080 ## - UNIVERSAL DECIMAL CLASSIFICATION NUMBER
Universal Decimal Classification number 528 П-63
100 ## - MAIN ENTRY--PERSONAL NAME
Personal name Постников, А.
9 (RLIN) 20120
245 ## - TITLE STATEMENT
Title Развитие картографии и вопросы использования старых карт /
Statement of responsibility, etc. А. Постников.
264 ## - PRODUCTION, PUBLICATION, DISTRIBUTION, MANUFACTURE, AND COPYRIGHT NOTICE
Place of production, publication, distribution, manufacture Москва :
Name of producer, publisher, distributor, manufacturer Наука,
Date of production, publication, distribution, manufacture, or copyright notice 1985.
300 ## - PHYSICAL DESCRIPTION
Extent 213 стр.:
Other physical details ил.;
Dimensions 25 см.
653 ## - INDEX TERM--UNCONTROLLED
keyword კარტოგრაფია
653 ## - INDEX TERM--UNCONTROLLED
keyword ძველი რუკების გამოყენება
942 ## - ADDED ENTRY ELEMENTS (KOHA)
Source of classification or shelving scheme
Koha item type წიგნი
ეგზემპლარები
Withdrawn status Lost status Source of classification or shelving scheme Damaged status Not for loan Permanent Location Current Location Shelving location Date acquired Cost, normal purchase price Full call number Barcode Date last seen Copy number Price effective from Koha item type Public note
          ბათუმის შოთა რუსთაველის სახელმწიფო უნივერსიტეტის მთავარი ბიბლიოთეკა ბათუმის შოთა რუსთაველის სახელმწიფო უნივერსიტეტის მთავარი ბიბლიოთეკა წიგნსაცავი 2023-10-19 7.00 528 П-63 65317 2023-10-19 65317 2023-10-19 წიგნი 7 ლ.